MARC

Tag First Indicator Second Indicator Subfields
LEADER 00000cam a2200000 i 4500
001 in00000060244
005 20151008051616.0
008 791220s1979 dcua b 10000 eng
010 |a  79065017  
020 |a 0890115362 
035 |a (OCoLC)05637288 
035 |9 AAG8939AM 
040 |a DLC  |c DLC  |d TXA  |d UtOrBLW 
043 |a n-us---  |a n-us-ca 
049 |a TXAM  |c [981016] 
050 0 0 |a HJ257.2  |b .P76 
082 0 |a 336.2/05/0973 
245 0 0 |a Proposition 13 and its consequences for public management /  |c edited by Selma J. Mushkin. 
264 1 |a Washington, D.C. :  |b Published by the Council for Applied Social Research, with the assistance of Abt Books, Cambridge, Mass.,  |c [1979] 
264 4 |c ©1979 
300 |a xiii, 171 pages :  |b graphs ;  |c 24 cm. 
336 |a text  |b txt  |2 rdacontent 
337 |a unmediated  |b n  |2 rdamedia 
338 |a volume  |b nc  |2 rdacarrier 
500 |a Based on proceedings of a conference held in Washington, D.C., in Sept. 1978, sponsored by the Council on Applied Social Research, the American Society for Public Administration, and the Public Services Laboratory of Georgetown University. 
504 |a Includes bibliographical references. 
650 0 |a Finance, Public  |z United States  |x Congresses. 
650 0 |a Real property tax  |z California  |x Congresses. 
700 1 |a Mushkin, Selma J.,  |d 1913- 
710 2 |a Council for Applied Social Research. 
710 2 |a American Society for Public Administration. 
710 2 |a Georgetown University.  |b Public Services Laboratory. 
999 |a MARS 
999 f f |s 2ce3bf14-e5ec-30f2-9b6b-9d8c2890b0f3  |i 612b8cfd-17ac-326f-a754-458fb8d97ea2  |t 0 
952 f f |p ric  |a Texas A&M University  |b Rellis Campus  |c Joint Library Facility  |d Remote Storage  |t 0  |e HJ257.2 .P76  |h Library of Congress classification  |i unmediated -- volume  |m A14802893066 
998 f f |a HJ257.2 .P76  |t 0  |l Remote Storage